<?xml version="1.0" encoding="UTF-8"?>
<record
    xmlns:xsi="http://www.w3.org/2001/XMLSchema-instance"
    xsi:schemaLocation="http://www.loc.gov/MARC21/slim http://www.loc.gov/standards/marcxml/schema/MARC21slim.xsd"
    xmlns="http://www.loc.gov/MARC21/slim">

  <leader>00902na  a2200277   4500</leader>
  <controlfield tag="001">15191</controlfield>
  <controlfield tag="003">MIRAKIL</controlfield>
  <controlfield tag="005">20181213154805.0</controlfield>
  <controlfield tag="008">161102b        tu            000 0      </controlfield>
  <datafield tag="020" ind1=" " ind2=" ">
    <subfield code="a">9756288823</subfield>
  </datafield>
  <datafield tag="035" ind1=" " ind2=" ">
    <subfield code="a">15191</subfield>
  </datafield>
  <datafield tag="040" ind1=" " ind2=" ">
    <subfield code="a">Milas</subfield>
    <subfield code="b">tur</subfield>
    <subfield code="c">TR-AnCHP</subfield>
  </datafield>
  <datafield tag="082" ind1=" " ind2=" ">
    <subfield code="a">947.92</subfield>
    <subfield code="b">W33e 2006</subfield>
  </datafield>
  <datafield tag="090" ind1=" " ind2=" ">
    <subfield code="a">947.92 W33e 2006</subfield>
  </datafield>
  <datafield tag="100" ind1=" " ind2=" ">
    <subfield code="a">Weems, Samuel A.</subfield>
  </datafield>
  <datafield tag="245" ind1=" " ind2=" ">
    <subfield code="a">Ermenistan</subfield>
    <subfield code="b">ter&#xF6;rist "H&#x131;ristiyan" &#xFC;lkenin s&#x131;rlar&#x131;</subfield>
    <subfield code="c">Samuel A. Weems ; Azerbaycan T&#xFC;rk&#xE7;esi'nden T&#xFC;rkiye T&#xFC;rk&#xE7;esi'ne aktaran H&#xFC;seyin Ad&#x131;g&#xFC;zel</subfield>
  </datafield>
  <datafield tag="246" ind1=" " ind2=" ">
    <subfield code="a">Ter&#xF6;rist "H&#x131;ristiyan" &#xFC;lkenin s&#x131;rlar&#x131;</subfield>
  </datafield>
  <datafield tag="260" ind1=" " ind2=" ">
    <subfield code="a">&#x130;stanbul</subfield>
    <subfield code="b">&#x130;leri Yay&#x131;nc&#x131;l&#x131;k</subfield>
    <subfield code="c">2006</subfield>
  </datafield>
  <datafield tag="300" ind1=" " ind2=" ">
    <subfield code="a">390 s.</subfield>
    <subfield code="c">24 sm.</subfield>
  </datafield>
  <datafield tag="650" ind1=" " ind2=" ">
    <subfield code="a">Ter&#xF6;rizm</subfield>
    <subfield code="x">Ermeniler</subfield>
  </datafield>
  <datafield tag="650" ind1=" " ind2=" ">
    <subfield code="a">Ermeniler</subfield>
    <subfield code="x">Tarih</subfield>
  </datafield>
  <datafield tag="651" ind1=" " ind2=" ">
    <subfield code="a">Ermenistan</subfield>
    <subfield code="x">Siyasal tarih</subfield>
  </datafield>
  <datafield tag="700" ind1=" " ind2=" ">
    <subfield code="a">Ad&#x131;g&#xFC;zel, H&#xFC;seyin</subfield>
  </datafield>
  <datafield tag="740" ind1=" " ind2=" ">
    <subfield code="a">Ter&#xF6;rist "H&#x131;ristiyan" &#xFC;lkenin s&#x131;rlar&#x131;</subfield>
  </datafield>
  <datafield tag="942" ind1=" " ind2=" ">
    <subfield code="2">dcc</subfield>
    <subfield code="c">BKS</subfield>
  </datafield>
  <datafield tag="952" ind1=" " ind2=" ">
    <subfield code="a">0001</subfield>
    <subfield code="b">0001</subfield>
    <subfield code="d">2016-09-05</subfield>
    <subfield code="e">2</subfield>
    <subfield code="l">0</subfield>
    <subfield code="o">947.92 W33e 2006</subfield>
    <subfield code="p">005007</subfield>
    <subfield code="r">2016-09-05 00:00:00</subfield>
    <subfield code="v">0.00</subfield>
    <subfield code="w">2016-09-05</subfield>
    <subfield code="y">BKS</subfield>
  </datafield>
  <datafield tag="999" ind1=" " ind2=" ">
    <subfield code="c">910</subfield>
    <subfield code="d">910</subfield>
  </datafield>
</record>
